Здоровье и факторы его определяющие; Прогрессивные технологии и экономика в машиностроении; Т. 2

Bibliografiske detaljer
Parent link:Прогрессивные технологии и экономика в машиностроении: труды II Всероссийской научно-практической конференции, 29-30 апреля 2004 года, Юрга/ Томский политехнический университет; Прогрессивные технологии и экономика в машиностроении; под ред. О. Ю. Ретюнского.— , 2004
Т. 2.— 2004.— С. 154-156
Hovedforfatter: Счастливцева И. В. Ирина Владиславовна
Sprog:russisk
Udgivet: 2004
Fag:
Format: MixedMaterials Book Chapter
KOHA link:https://koha.lib.tpu.ru/cgi-bin/koha/opac-detail.pl?biblionumber=216273

MARC

LEADER 00000naa2a2200000 4500
001 216273
005 20231031194135.0
035 |a (RuTPU)RU\TPU\book\236241 
090 |a 216273 
100 |a 20120522d2004 k y0rusy50 ca 
101 0 |a rus 
102 |a RU 
200 1 |a Здоровье и факторы его определяющие  |f И. В. Счастливцева 
461 0 |0 (RuTPU)RU\TPU\book\119005  |t Прогрессивные технологии и экономика в машиностроении  |o труды II Всероссийской научно-практической конференции, 29-30 апреля 2004 года, Юрга  |f Томский политехнический университет; Прогрессивные технологии и экономика в машиностроении; под ред. О. Ю. Ретюнского  |d 2004 
463 0 |0 (RuTPU)RU\TPU\book\164816  |t Т. 2  |v С. 154-156  |d 2004  |p 208 с. 
610 1 |a ценности 
610 1 |a здоровье 
610 1 |a образ жизни 
610 1 |a перегрузки 
610 1 |a эмоциональность 
610 1 |a труы учёных ТПУ 
700 1 |a Счастливцева  |b И. В.  |c старший преподаватель  |c Юргинский технологический институт (филиал) Томского политехнического университета  |g Ирина Владиславовна  |2 stltpush  |3 (RuTPU)RU\TPU\pers\24282 
801 1 |a RU  |b 63413507  |c 20120522 
942 |c BK